Wybrany Układ Okresowy Pierwiastków - Statystyki

Ogólne statystyki
  • Ten quiz został rozwiązany 35 razy
  • Średni wynik to 23 z 26
Statystyki odpowiedzi
Hint Odpowiedź % Poprawnych
Magnez Mg
100%
Nikiel Ni
96%
Złoto Au
92%
Bar Ba
92%
Brom Br
92%
Wapń Ca
92%
Chlor Cl
92%
Żelazo Fe
92%
Potas K
92%
Tlen O
92%
Miedź Cu
88%
Wodór H
88%
Jod I
88%
Siarka S
88%
Krzem Si
88%
Cynk Zn
88%
Węgiel C
84%
Rtęć Hg
84%
Sód Na
84%
Fosfor P
84%
Srebro Ag
80%
Azot N
80%
Ołów Pb
80%
Platyna Pt
80%
Bor B
76%
Glin Ai
72%
Nie znaleziono quizów pasujących do podanych kryteriów
Rozkład punktacji
Procent ludzi z każdym wynikiem
Percentyl według liczby udzielonych odpowiedzi
Twoja historia wyników
Nie rozwiązałeś tego quizu